আধুনিক ইউরোপের ইতিহাস : (Record no. 3038)
[ view plain ]
| 000 -LEADER | |
|---|---|
| fixed length control field | 00792nam a2200229 a 4500 |
| 001 - CONTROL NUMBER | |
| JCCL Control Number | 3038 |
| 003 - CONTROL NUMBER IDENTIFIER | |
| JCCL marc code | BD-JhCC |
| 005 - DATE AND TIME OF LATEST TRANSACTION | |
| control field | 20180918134015.0 |
| 008 - FIXED-LENGTH DATA ELEMENTS--GENERAL INFORMATION | |
| fixed length control field | 171109s2007 bg b||| |||| 001 0 ben d |
| 020 ## - INTERNATIONAL STANDARD BOOK NUMBER | |
| International Standard Book Number | 9840746162 |
| 035 ## - SYSTEM CONTROL NUMBER | |
| system control number | (BD-JhCC) 3038 |
| 040 ## - CATALOGING SOURCE | |
| Original cataloging agency | BD-JhCC |
| Modifying agency | BD-JhCC |
| 041 ## - LANGUAGE CODE | |
| Language code of Book | ben |
| 082 ## - DEWEY DECIMAL CLASSIFICATION NUMBER | |
| Classification number | 940.27 |
| Author mark and Year | KHA 2007 |
| 100 ## - MAIN ENTRY--PERSONAL NAME | |
| Personal name | খান, মুহম্মদ আলী আসগর |
| 245 ## - TITLE STATEMENT | |
| Title | আধুনিক ইউরোপের ইতিহাস : |
| Remainder of title | (১৯৮৯-১৯১৯) / |
| Statement of responsibility, etc | মুহম্মদ আলী আসগর খান |
| 260 ## - PUBLICATION, DISTRIBUTION, ETC. (IMPRINT) | |
| Place of publication, distribution, etc | ঢাকা : |
| Name of publisher, distributor, etc | বাংলা একাডেমী, |
| Date of publication, distribution, etc | ২০০৭. |
| 300 ## - PHYSICAL DESCRIPTION | |
| Pagination | ৪৬৯ পৃ. : |
| Dimensions | ২২ সেমি. |
| 650 ## - SUBJECT ADDED ENTRY--TOPICAL TERM | |
| Topical term or geographic name as entry element | Europe, History |
| Chronological subdivision | 1789-1919 |
| 942 ## - ADDED ENTRY ELEMENTS (KOHA) | |
| Source of classification or shelving scheme | Dewey Decimal Classification |
| Koha item type | Books |
| Koha issues (borrowed), all copies | 1 |
| Source of classification or shelving scheme | Damaged status | Not for loan | Home library | Current library | Shelving location | Date of accession | Cost, normal purchase price | Total Checkouts | Full call number | Barcode | Date last seen | Date checked out | Copy number | Koha item type |
|---|---|---|---|---|---|---|---|---|---|---|---|---|---|---|
| Dewey Decimal Classification | JCC Rouf Library | JCC Rouf Library | General Stacks | 11/09/2017 | 250.00 | 1 | 940.27 KHA 2007 | 3734 | 09/24/2018 | 09/17/2018 | C-1 | Books |